00580nam a2200193 450000500170000001000150001702000270003203500140005903700090007308200130008210000280009524500770012325000060020026000580020627000590026430000200032370000230034370000200036620260610163914.0 aENG-148820 c1495.00a9789393330826 aEN-132352 bDBAD a618.424 aArulkumaran, Sabaratnam aThe Management Labour/cSabaratnam Arulkumaran; Gita Arjun [and] Uma Ram a1 aHyderabadbUniversities Press (India) Pvt. Ltd.c2025 a3-6-747/A & 3-6-754/1, HimayatnagarbHyderabade500029 a547p.c25cm(pb) aGita ArjuneAuthor aUma RameAuthor